| 000 | 00365nam a2200121Ia 4500 | ||
|---|---|---|---|
| 008 | 220216s9999 xx 000 0 und d | ||
| 100 | _aSulochanamma S | ||
| 245 | 0 | _aEffect of leaf density on the growth vigour of the seedlings in Hevea brasiliensis | |
| 260 |
_bPlacrosym I, Kottayam, 1978 _c1978 |
||
| 700 | _aClaramma N M | ||
| 700 | _aSethuraj M R | ||
| 942 | _cJS | ||
| 999 |
_c57930 _d57930 |
||